Opervm Venerabilis Bedae: in diui Pauli scripta, interpretationes luculentas exhibens: catalogum uero ipsarum, uersa pagina tibi monstrabit Sextvs Tomvs

Podrobná bibliografia
Hlavný autor: Beda Ctihodný, sv., okolo 672-735 (Autor)
Ďalší autori: Hervagius, Johannes, 1497-1558 (Tlačiar)
Médium: Kniha
Jazyk:latinčina
Fyzický popis:1 nečíslovaný list, 1179 stĺpcov 4°
Predmet:

MARC

LEADER 00000nam a2200000 4500
001 vtls012244388
003 SK-MaSNL
005 20260301220011.0
008 251112s1563 sz f 010 0 lat
015 |a SNBHFA 
040 |a SNKHF  |b slo  |c SNKHF  |e rda 
041 0 |a lat 
044 |a sz  |c CH 
072 7 |a 2-1  |x Prirodzená teológia. Náboženská filozofia  |2 konspekt 
080 |a 2-1  |2 2011 
080 |a 27  |2 2011 
100 0 |a Beda Ctihodný,  |c sv.,  |d okolo 672-735  |4 aut  |9 126614 
245 1 0 |a Opervm Venerabilis Bedae: in diui Pauli scripta, interpretationes luculentas exhibens: catalogum uero ipsarum, uersa pagina tibi monstrabit  |n Sextvs Tomvs 
264 3 |a Basileae  |b [Hervagius, Johannes]  |c 1563 
300 |a 1 nečíslovaný list, 1179 stĺpcov  |c 4° 
336 |a text  |b txt  |2 rdacontent 
337 |a bez média  |b n  |2 rdamedia 
338 |a zväzok  |b nc  |2 rdacarrier 
500 |a Vinety, iniciálky v rámčeku na 7 riadkov, iniciálky na 2 riadky 
501 |a Príväzok 1.: BEDA CTIHODNÝ. Septimvs Tomvs Opervm. Basileae: [Hervagius, Johannes], 1563. 4°.  |5 SNK IA 859/6-8/prív.1 
501 |a Príväzok 2.: BEDA CTIHODNÝ. Octavvs Tomvs Opervm. Basileae: [Hervagius, Johannes], 1563. 4°.  |5 SNK IA 859/6-8/prív.2 
504 |a Marginálie, kustody 
546 |a Latinčina  |b Kurzíva 
561 |a Proveniencia: Vlepený tlačený exlibris Gabriel Zerdahelyi De Nitra Zerdahely Eppus. Neozsoliensis.  |5 SNK IA 854/1 
563 |a Väzba: svetlohnedá koža so slepotlačou, poškodená, zachovaná jedna kovová spona.  |5 SNK IA 859/6-8 
650 0 7 |a teológia  |2 SNKPH  |9 1814 
650 0 7 |a kresťanstvo  |2 SNKPH  |9 2024 
700 1 |a Hervagius, Johannes,  |d 1497-1558  |4 prt  |9 340325 
700 1 |a Zerdahelyi, Gabriel,  |d 1742-1801  |4 fmo  |9 509989 
752 |a Švajčiarsko  |d Bazilej 
852 |a snk  |b Historické fondy  |h IA 859/6-8 
958 |a DA 
958 |a ONDV 
999 |c 930256  |d 932186 
952 |t Tlače 16. storočia  |a SNK  |b SNK  |c SNK_HF  |y PREZ  |7 0  |p 17A1400373  |o snkIA 859/6-8  |i snkF 1700/1991  |8 5  |0 0  |1 0  |4 0  |d 2023-11-21  |l 0  |r 2026-02-24 08:46:05  |w 2026-02-24